00968 a2200397 4500000002100000001000700021005001700028008004100045010000500086020001800091082001400109100008500123110000500208245013700213250000500350260003200355300001000387490000700397500000500404600000500409610000500414611000500419630002200424650000500446651000500451654000500456700003200461700003400493710000900527711000500536720000500541730000500546740000500551752000500556856000900561BKB 13793620200902153337.0  a a9788130909288 a903bE19E1 aEncyclopedia of world history : the ancient world- prehistoric eras to 600 C.E. a1 aEncyclopedia of world history : the ancient world- prehistoric eras to 600 C.E. (Volume I)cedited by Marsha E. Ackermann...[et al.] a aNew DelhibViva Booksc2013 a535p. av a a a a aGeneral Reference a a a aAckermann, Marsha E. edbc aSchroeder, Michael J. ed.bc abc a a a a a adf